MARC
| LEADER | 00000nam a22000007i 4500 | ||
|---|---|---|---|
| 001 | CDOM0000005083 | ||
| 003 | mi | ||
| 005 | 20250924111424.0 | ||
| 008 | 050907s2004 it |||||| ||||| |||||c | ||
| 020 | |a 8831770357 | ||
| 040 | |c mi | ||
| 100 | |a Marlowe, Christopher | ||
| 240 | |a Edward the second | ||
| 245 | 1 | |a Edoardo 2 / |c Christopher Marlowe ; a cura di Rosanna Camerlingo. | |
| 246 | |a Edoardo secondo | ||
| 260 | |a Venezia |b Marsilio |c 2004 | ||
| 300 | |a 289 p. |c 19 cm. | ||
| 700 | |a Camerlingo, Rosanna | ||
| 830 | |a Elsinore | ||
| 942 | |2 ddc |c BK | ||
| 952 | |0 0 |1 0 |2 ddc |4 0 |6 B_LTR03MARCHEDO11 |7 0 |9 7638 |a MI |b MI |d 2012-02-01 |i 6285 |l 0 |o B-LTR03-MARCH-EDO11 |p CDOM6285 |r 2025-07-13 16:28:00 |w 2025-07-13 |x ACQUISTO |y BK | ||
| 999 | |c 6325 |d 6325 | ||